000 00575nam a22001817a 4500
999 _c12661
_d12661
008 190131b ||||| |||| 00| 0 eng d
020 _a971-542-291-8
082 _22001
_aDFil 899.211
_bP53
245 _aThe origin pf snails/
_cDamiana Eugenio [Compiler and Editor]
260 _aQuezon City:
_bUP Press;
_c©2001
300 _aPage 364;
_c22.5 cm.
500 _aPhilippine folk literature: The myths
650 _aMythology
_935855
650 _aLegends
_935856
650 _aPhilippine folk literature (English)
_935857
650 _aFolklore
_935858
942 _2ddc
_cDFIL